000 00669nas a22002297a 4500
005 20140905170049.0
006 a|||||r|||| 00| 0
007 ta
008 140905b xxu||||| |||| 00| 0 eng d
022 _a0972-2068
022 _a0973-9793 (Electonic)
245 _aIndian journal of surgery
260 _bThe Association of Surgeons of India
_c2014-
_aNew Delhi
260 _aNew Delhi
_bSpinger India
300 _av.
_c24 cm (Pbk)
310 _aBi-monthly
362 _avol 76 No 1 Jan- feb 2014
500 _aOfficial publication of The Association of Surgeons of India
650 _aSurgery
856 _uwww.springer.com/12262
942 _2ddc
_cSR
_s1
999 _c88379
_d88379